| Tag |
First Indicator |
Second Indicator |
Subfields |
| LEADER |
00000cam a2200000 4500 |
| 001 |
in00001001663 |
| 005 |
20150927183939.0 |
| 008 |
780331s1910 dcuab f00110 eng c |
| 010 |
|
|
|a agr10001711
|
| 035 |
|
|
|a (OCoLC)03764987
|
| 035 |
|
|
|9 AEZ5849AM
|
| 040 |
|
|
|a U.S. Dept. of Agr. Library
|c KLG
|d m.c.
|d OCL
|d m/c
|d TXA
|d UtOrBLW
|
| 043 |
|
|
|a N------
|
| 049 |
|
|
|a TXA1 [DYKS]
|
| 050 |
0 |
0 |
|a QK1
|b .U5 1910
|
| 100 |
1 |
|
|a Hitchcock, A. S.
|q (Albert Spear),
|d 1865-1935.
|
| 245 |
1 |
4 |
|a The North American species of Panicum /
|c by A. S. Hitchcock and Agnes Chase.
|
| 264 |
|
1 |
|a Washington :
|b Govt. Print. Off,
|c 1910.
|
| 300 |
|
|
|a xiv, 396 pages :
|b including illustrations, maps ;
|c 25 cm.
|
| 336 |
|
|
|a text
|b txt
|2 rdacontent
|
| 337 |
|
|
|a unmediated
|b n
|2 rdamedia
|
| 338 |
|
|
|a volume
|b nc
|2 rdacarrier
|
| 490 |
1 |
|
|a Contributions from the United States National Herbarium,
|v v. 15
|
| 490 |
0 |
|
|a Bulletin of the United States National Museum. Issued October 22, 1910
|
| 650 |
|
0 |
|a Panicum.
|
| 700 |
1 |
|
|a Chase, Agnes,
|d 1869-1963.
|
| 830 |
|
0 |
|a Contributions from the United States National Herbarium ;
|v v. 15.
|
| 999 |
|
|
|a MARS
|
| 999 |
f |
f |
|s f067cfcb-1d48-3b37-a130-33bfc4c510e2
|i 52004228-fa96-3394-a945-e8a3b6eb847c
|t 0
|
| 952 |
f |
f |
|p noncirc
|a Texas A&M University
|b College Station
|c Cushing Memorial Library & Archives
|d Cushing: Dykes (Does not check out)
|t 0
|e QK1 .U5 1910
|h Library of Congress classification
|i unmediated -- volume
|m A14851913492
|
| 998 |
f |
f |
|a QK1 .U5 1910
|t 0
|l Cushing: Dykes (Does not check out)
|